Načítá se...

Danger

Podrobná bibliografie
Hlavní autor: Madavan Nair ,Thirunynarkurichi
Médium: Printed Book
Jazyk:Malayalam
Vydáno: Manorama Publishing House, Kottayam Manorama 1961
LEADER 00459nam a2200121Ia 4500
008 111205s9999 xx 000 0 mal d
100 |a Madavan Nair ,Thirunynarkurichi 
245 |a Danger  |c Madavan Nair ,Thirunynarkurichi 
260 |b Manorama   |a Manorama Publishing House, Kottayam  |c 1961 
300 |a 95 
942 |c BK 
999 |c 215280  |d 215280 
952 |0 0  |1 0  |2 ddc  |4 0  |6 S_8R3  |7 0  |9 238014  |a MAL  |b MAL  |c SEC  |d 2011-12-05  |g 1.00  |j 127  |l 0  |o S8R3  |p MAL18524  |r 2015-04-13  |v 1.00  |w 2015-04-13  |y BK